Demosthenous logoi eklektoi = Selectae Demosthenis orationes : quarum titulos versa indicabit pagina : in usum studiosorum hoc modo separatim excusae.

Bibliographic Details
Main Author: Demosthenes
Format: eBook
Language:Greek, Modern (1453-)
Published: Cantabrigiae : Ex officina R. Daniel, 1642.
Series:Early English books online.
Online Access:Connect to the full text of this electronic book

MARC

Tag First Indicator Second Indicator Subfields
LEADER 00000nam a2200000Ia 4500
001 in00004242221
005 20200807092741.0
006 m g d
007 cr bn |||a|bb|
008 850306s1642 enk o 00| | gre d
035 |a (OCoLC)11768851 
040 |a EAA  |c EAA  |d m/c  |d WaOLN 
037 |a CL0037000014  |b ProQuest Information and Learning. 300 N. Zeeb Rd., Ann Arbor, MI 48106 
041 1 |a grclat  |h grc 
049 |a UMIA 
100 0 |a Demosthenes. 
240 1 0 |a Selections.  |l Latin & Greek.  |f 1642 
245 1 0 |a Demosthenous logoi eklektoi =  |b Selectae Demosthenis orationes : quarum titulos versa indicabit pagina : in usum studiosorum hoc modo separatim excusae. 
260 |a Cantabrigiae :  |b Ex officina R. Daniel,  |c 1642. 
300 |a 1 online resource ([2], 202 pages) 
336 |a text  |b txt  |2 rdacontent 
337 |a computer  |b c  |2 rdamedia 
338 |a online resource  |b cr  |2 rdacarrier 
500 |a Latin and Greek on opposite pages with some sections of text in Greek only. 
500 |a Reproduction of original in British Library. 
510 4 |a Wing  |c D980 
533 |a Electronic reproduction.  |b Ann Arbor, Mich. :  |c UMI,  |d 1999-  |f (Early English books online)  |n Digital version of: (Early English books, 1641-1700 ; 488:6)  |7 s1999 miun s 
740 0 |a Lago e lechekloi. 
740 0 |a Selectae Demosthenis orationes. 
830 0 |a Early English books online. 
856 4 0 |u http://proxy.library.tamu.edu/login?url=https://search.proquest.com/docview/2248525002  |z Connect to the full text of this electronic book  |t 0 
999 f f |s 6147e5bd-dac2-307f-bf4d-98c9017f1777  |i fe63c134-c882-30ae-83bf-04489d9dd6f1  |t 0 
952 f f |a Texas A&M University  |b College Station  |c Electronic Resources  |d Available Online  |t 0  |h No information provided 
998 f f |t 0  |l Available Online